00398nam a2200145Ia 4500008004100000020001500041041000800056082001500064100001700079245007200096250000600168260005600174300000800230650001400238210716s2000 xx 000 0 und d a8174730206 aeng a658.8 CANT aCannon, Tom. aBasic marketing: principles and practice.bPrinciples and practice. a3 aNew DelhibAITBS Publishers and Distributorsc2000 a463 aMarketing